[Event "Johannesburg Tsogo Sun op"]
[Site "Johannesburg"]
[Date "2015.07.19"]
[Round "9"]
[White "Basson, Petrus"]
[Black "Moseli, Phera"]
[Result "1-0"]
[WhiteElo "1701"]
[BlackElo "1478"]
[PlyCount "87"]
[EventDate "2015.07.15"]
[EventType "swiss"]
[EventRounds "9"]
[EventCountry "RSA"]
[SourceTitle "CBM 167 Extra"]
[Source "ChessBase"]
[SourceDate "2015.09.14"]
[SourceVersion "1"]
[SourceVersionDate "2015.09.14"]
[SourceQuality "1"]

1. e4 d6 2. d4 Nf6 3. Nc3 e5 4. dxe5 dxe5 5. Qxd8+ Kxd8 6. Bg5 Be6 7. 0-0-0+ Bd6 8. Nf3 Ke8 9. Bb5+ Nbd7 10. Bxf6 gxf6 11. Nd5 Bxd5 12. Rxd5 Ke7 13. Bxd7 Kxd7 14. Rhd1 Ke6 15. Nh4 Rhg8 16. g3 Rad8 17. Nf5 Rg4 18. f3 Rg6 19. c4 Rgg8 20. Kc2 h5 21. a3 Be7 22. Rxd8 Bxd8 23. b4 Be7 24. Kb3 a6 25. a4 b6 26. Rd5 c6 27. Rd2 a5 28. b5 cxb5 29. cxb5 Bb4 30. Rd3 Bc5 31. Ne3 Bxe3 32. Rxe3 Rd8 33. Rc3 Rd6 34. h4 Kd7 35. Kc2 Ke6 36. Rc4 f5 37. exf5+ Kxf5 38. g4+ hxg4 39. fxg4+ Kg6 40. Rc6 Re6 41. Rxe6+ fxe6 42. Kd3 Kg7 43. Ke4 Kf6 44. g5+ 1-0

[Event "Johannesburg Tsogo Sun op"]
[Site "Johannesburg"]
[Date "2015.07.18"]
[Round "6"]
[White "Moseli, Phera"]
[Black "Gluckman, Paul"]
[Result "0-1"]
[WhiteElo "1478"]
[BlackElo "1760"]
[PlyCount "54"]
[EventDate "2015.07.15"]
[EventType "swiss"]
[EventRounds "9"]
[EventCountry "RSA"]
[SourceTitle "CBM 167 Extra"]
[Source "ChessBase"]
[SourceDate "2015.09.14"]
[SourceVersion "1"]
[SourceVersionDate "2015.09.14"]
[SourceQuality "1"]

1. e4 c5 2. c3 e6 3. d4 d5 4. e5 Ne7 5. Bg5 Qb6 6. Qd2 Nbc6 7. Bxe7 Bxe7 8. Nf3 Bd7 9. Be2 0-0 10. 0-0 f6 11. Na3 fxe5 12. dxe5 a6 13. Bd3 Qc7 14. Rfe1 Rxf3 15. gxf3 Nxe5 16. Qe3 Bd6 17. Be2 Ng6 18. Qg5 Rf8 19. Bd3 Nf4 20. Bxh7+ Kxh7 21. Kh1 Rf6 22. Rg1 Bc6 23. Rg4 Rg6 24. Qh4+ Rh6 25. Qg3 Ne2 26. Rxg7+ Qxg7 27. Qxd6 d4 0-1